| 000 | 00953nac a22002651u 4500 | ||
|---|---|---|---|
| 010 | _a 93008382 | ||
| 020 | _a025613751X (recycled paper) | ||
| 082 | 0 | 0 |
_a330 _bSHA |
| 090 |
_c6429 _d6429 |
||
| 100 | _aSharp, Ansel Miree, | ||
| 245 | 1 | 0 |
_aEconomics of social issues / _cAnsel M. Sharp, Charles A. Register, Richard H. Leftwich. |
| 250 | _a11th ed. | ||
| 260 |
_aBurr Ridge, Ill. : _bIrwin,1994 _cc1994. |
||
| 300 |
_axii, 434 p. : _bcol. ill. ; _c24 cm. |
||
| 440 | 4 | _aThe Irwin series in economics | |
| 500 | _adistributer: Al-Ahram | ||
| 504 | _aIncludes bibliographical references and index. | ||
| 511 | _acatalogued by: wessam | ||
| 650 | 0 | _aEconomics. | |
| 650 | 0 | _aSocial problems. | |
| 700 | 1 | _aRegister, Charles A. | |
| 700 | 1 | _aLeftwich, Richard H. | |
| 942 |
_cBB _k330SHA |
||
| 999 |
_c6429 _d6429 |
||